000 01416nam a2200337 i 4500
003 EG-GICUC
005 20260121101157.0
008 251109b1970 ua ||||f |||| 00| 0 ara d
040 _a EG-GICUC
_c EG-GICUC
_d EG-GICUC
_erda
_bara
041 _aara
082 0 4 _221
_a345.2
_bع ل . إ
092 0 4 _221
099 _aLaw1 07 345.2 ع ل . إ 1970
100 0 _aعلي عبد المجيد
_eمؤلف.
245 _aإشتراك الموظفين والعاملين في الإدارة :
_bفلسفة مفهوم المشاركة 1 /
_cإعداد دكتور علي عبد المجيد، دكتور منصور فهمي.
264 _aالقاهرة :
_bجامعة الدول العربية-المنظمة العربية للعلوم الإدارية، مركز البحوث الإدارية،
_c1970.
300 _a22 صفحة ؛
_c24 سم.
336 _2rda content
_atext
337 _2rda media
_aComputer
338 _2rda carrier
_aOnline Resource
490 _v13
546 _aالنص باللغة العربية
650 1 _2qrmak
_aالقانون الإداري
650 1 _2qrmak
_aالموظفون والمستخدمون
650 1 _2qrmak
_aالموظفون
_xالتمثيل في الإدارة
700 _aمنصور فهمي
_eمؤلف مشارك.
830 _0
856 4 0 _uhttps://fll.law.cu.edu.eg/fulltext/bks/B07-00324.pdf
905 _aWesam Mahmoud
942 _2ddc
_n0
_cBK
_e21
999 _c41797
_d41797